|
|
|
|
| LEADER |
00000nas a2200000 a 4500 |
| 001 |
ssj0000912546 |
| 003 |
WaSeSS |
| 005 |
20200512172242.0 |
| 006 |
m d |
| 007 |
cr n |
| 008 |
130628c20119999rm f| p|s|||||| |0eng d |
| 035 |
|
|
|a (WaSeSS)ssj0000912546
|
| 040 |
|
|
|a WaSeSS
|c WaSeSS
|d WaSeSS
|
| 050 |
|
4 |
|a LB1051
|
| 245 |
0 |
0 |
|a International journal of education and psychology in the community
|h [electronic resource].
|
| 246 |
1 |
|
|a IJEPC
|
| 260 |
|
|
|a Oradea, Romania :
|b Editura Universitatii din Oradea
|
| 310 |
|
|
|a Semiannual
|
| 362 |
1 |
|
|a Began with Issue No. Vol 1 (1) (2011).
|
| 506 |
|
|
|a License restrictions may limit access.
|
| 588 |
|
|
|a Description based on: Issue No. Vol 1 (1) (2011); title from cover (CEEOL, viewed June 27, 2013).
|
| 588 |
|
|
|a Latest issue consulted: Issue No. Vol 3 (1) (2013) (viewed June 27, 2013).
|
| 650 |
|
0 |
|a Educational psychology
|v Periodicals.
|
| 655 |
|
0 |
|a Electronic journals.
|
| 776 |
0 |
8 |
|i Print version:
|t International journal of education and psychology in the community
|x 2069-4695
|
| 856 |
4 |
0 |
|z Full text available from Research Library: 01/01/2011 to present
|u https://search.proquest.com/publication/1606375
|